Music Quiz

Random Music or Restaurants Quiz

Alice's Restaurant Massacree Quiz Stats

 Plays Quiz not verified by Sporcle

Score 0/50 Timer 10:00
0 Plays Today
hint answer % Correct
How many years ago it happened (according to the song)two
83.2%
National holiday on which it startedThanksgiving
79.2%
What Alice didn't have to take out for a long time, havin' all that room where the pews used to have beengarbage
74.5%
Give or take two minutes, the length of the massacree18 and a half
68.8%
How many stop signs there are in this townfive
66.1%
The third possibility, which they hadn't counted upon, consisted of getting...arrested
64.6%
Person who came to bail Arlo out of the cellAlice (remember Alice? It's a song about Alice.)
64.3%
After the whole thing, they had only one question for Arlo: 'Kid, have you ever been...'arrested
64.1%
excepting...Alice
62.8%
What Arlo told the shrink he wants to doKILL! KILL!
61.7%
What Arlo is forced to tell the meanest one of them all he was arrested forlittering
61.4%
Where Alice livesthe church nearby the restaurant
60.3%
What you can get, at Alice's Restaurantanything you want
57.4%
This was the biggest crime there in the last __ yearsfifty
54%
How far Alice's Restaurant is from the railroad trackhalf a mile
53.6%
The fine Arlo was forced to pay$50
53.3%
Any of the kinds of nasty, ugly-looking people sittin' on the bench theremother-rapers, father-stabbers...father-rapers!
53.2%
But that's not what Arlo came to tell ya 'bout - he came to talk aboutthe draft
52.5%
What the officer demanded of Arlo before putting him in the cellhis wallet and belt
51.5%
The kind of justice the officer came to the conclusion this was a typical case ofblind justice
50.9%
What they may think it is if 50 people a day walk in and sing a bar of Alice's Restauranta movement
49.9%
Nickname by which the officer and numerous authority figures throught the song call ArloKid
49.3%
Vehicle that was loaded upRed VW Microbus
49.1%
The first possibility, which Arlo didn't expect and wasn't very likely, was that the policeman would give them...a medal
49.1%
Name of the bench where Arlo is told to go and sitGroup W
48.8%
hint answer % Correct
The policeman who needed to speak to Arlo the following morningWilliam Obanhein ('Officer Obie')
47.3%
Any of what was on the back of the 27 8x10 color glossy picturescircles and arrows and a paragraph on the back of each one explaining what each one was
47%
The question on the other side of the sheet of paper: '...have you _________ yourself?'rehabilitated
45.2%
where you get...injected, inspected, detected, infected, neglected and selected
44.3%
The seargant talked for this many minutes (and nobody understood a word that he said)45
43.8%
What the sign at the city dump saidClosed on Thanksgiving
43%
What the seargeant has a damn lot of, to ask such a questiongall
42.3%
What it was loaded withshovels and rakes and implements of destruction
40.1%
What you have to do, if you wanna end war and stuffsing loud!
40.1%
Which is where the stick ya if you aren't enough of this to join the armymoral
39.3%
with her husband...Ray
38%
ID mark of which there is probably a copy of Arlo's somewhere in some folder in Washingtonfingerprints
37.3%
and...creating a nuisance
37.2%
Town where this happened hereStockbridge, Massachusetts
36.3%
Infamous covert recording which contains a gap roughly equivalent to the length of 'Alice's Restaurant'Rosemary Woods tapes
34.6%
What the seargeant told him, after hearing his outburstYou're our boy
33.6%
Got a building down in New York City called...Whitehall Street
30%
Not only that, they took pictures of...the approach, the getaway, the northwest corner, the southwest corner, and that's not to mention the aerial photography
28.8%
What they'll think you are (and not take you) if two people walk in a sing a bar of Alice's Restaurant**** (and they won't take either of ya)
28.4%
Epithet which Arlo states prevents him from joining the army and burning women, kids, houses and villages after beinglitterbug
27.5%
Any of the forms of evidence, other than color glossy pictures, which was collectedplaster tire tracks, foot prints, dog smelling prints
26.8%
The second possibility, which Arlo expected, was that the officer would _____ them outbawl (and tell them never to be seen driving garbage around the vicinity again)
25.4%
and her dog...Fasha
22.1%
What they'll think if going is if three people a day walk in and sing a bar of Alice's Restaurantan organization
21.5%
What they'll think you are (and not take you) if one person walks in a sings a bar of Alice's Restaurantreally sick
16.8%

You're not logged in!

Compare scores with friends on all Sporcle quizzes.
OR
Log In

You Might Also Like...

Show Comments

Extras

Top Quizzes Today


Score Distribution

Your Account Isn't Verified!

In order to create a playlist on Sporcle, you need to verify the email address you used during registration. Go to your Sporcle Settings to finish the process.

Report this User

Report this user for behavior that violates our Community Guidelines.

Details: